States with the Most Denny's Locations Quiz - Statistics

General Stats
  • This quiz has been taken 82 times
    3 since last reset
  • The average score is 7 of 11
Answer Stats
# State % Correct
348 California
100%
43 Illinois
100%
29 Indiana
100%
28 New York
100%
185 Texas
100%
107 Florida
67%
33 Pennsylvania
67%
73 Arizona
33%
41 Nevada
33%
28 New Mexico
33%
41 Washington
0%
No matching quizzes found
Score Distribution
Percent of People with Each Score
Percentile by Number Answered
Your Score History
You have not taken this quiz since the last reset